000 01009nam a2200301Ia 4500
001 A6682
003 IT-RoPAU
008 130308s9999 xx 000 0 und d
040 _aIT-RoPAU
040 _cIT-RoPAU
041 _aINGLESE
100 _aMarvin Carolyn
100 _gCodice Aut. SPICS: 36158
245 _aExperts, Black Boxes, and Artifacts: New Allegories for the History of Electric Media
245 _bRethinking Communication-Volume 2: Paradigm Exemplars
250 _a1a ed.
260 _aNEWBURY PARK
260 _bSage Publications
260 _c1989 [1° Ed.:1989 - Ed.Ling.Originale:1989]
300 _a"11 p. (prefazione: no ; testo: 11 [pagine: 188-198])"
500 _aEsperti, Scatole bianche e prodotti Lavorati: nuove Allegorie per la Storia dei Media Elettrici. Categorie di Artefatti nella Storia della Comunicazione.
650 _aFILOSOFIA LINGUISTICA
650 _eCodice materia Spics: 3101
942 _cBK
957 _71
999 _c38947
_d38947
999 _bSI
999 _g1